00490nam a22001577a 4500010001500000020002700015035001400042037001300056082001300069100001800082245007000100260003100170270009200201300002700293760001200320 aENG-138347 a9788119403059c1095.00 aEN-121879 bDBAD/PUB a346.5403 aSapre, Akshay aRatanlal & Dhirajlal: The law of Torts/cby Akshay SaprehEnglish aHaryanabLexis Nexisc2023 a14th floor,Building No 10,Tower-B Cyber City,Phase-II,bHaryanak1244774444l1244774100 accxxi,880p.c25cm(pbk) b29th Ed